SHOWCASING MALAYSIA'S : Tourism Heroes.

Bibliographic Details
Format: Book
Published: Petaling Jaya, Selangor: Malaysia Productivity Corporation (MPC), 2019.
Subjects:
LEADER 00789cam a2200241 7i4500
001 0000036341
005 20200522090000.0
007 ##ta
008 200313s2019 my eng
020 # # |a x9789832786528  
040 # # |a MATR 
090 0 0 |a M 338.479109595   |b SHO 
245 0 0 |a SHOWCASING MALAYSIA'S :   |b Tourism Heroes. 
264 # 4 |a ♭. 
264 # 1 |a Petaling Jaya, Selangor:   |b Malaysia Productivity Corporation (MPC),   |c 2019. 
300 # # |a 141 pages:   |b illustrations;   |c 30 cm. 
336 # # |a text  |2 rdacontent 
337 # # |a unmediated  |2 rdamedia 
338 # # |a volume  |2 rdacarrier 
504 # # |a Includes bibliographical references and index 
650 # 0 |a Travel & Tourism  
999 |a 0000040993  |b Book  |c Malaysia  |e Business Information Centre 
999 |a 0000040992  |b Book  |c Malaysia  |e Business Information Centre